Normal view
MARC view
- صعوبات التعلم-معلمي الطلبة ذوي صعوبات التعلم
Entry Topical Term
001 - CONTROL NUMBER
- control field: 63528
003 - CONTROL NUMBER IDENTIFIER
- control field: JO-AjAnu
005 - DATE AND TIME OF LATEST TRANSACTION
- control field: 20230606084353.0
008 - FIXED-LENGTH DATA ELEMENTS
- fixed length control field: 230606|| aca||aabn | a|a d
040 ## - CATALOGING SOURCE
- Original cataloging agency: JO-AjAnu
- Transcribing agency: JO-AjAnu
150 ## - HEADING--TOPICAL TERM
- Topical term or geographic name entry element: صعوبات التعلم-معلمي الطلبة ذوي صعوبات التعلم
670 ## - SOURCE DATA FOUND
- Source citation: Work cat.: (JO-AjAnu)32390: اعداد بني اسماعيل، مروان قاسم ابراهيم ؛ اشراف محمد عمر ابو الرب, author 63527, مستوى الضغوط المهنية وعلاقتها بالدافعية للعمل لدى معلمي الطلبة ذوي صعوبات التعلم من وجهة نظرهم في محافظة اربد=The Level of Work Pressures and its Relationship With the Motivation for Work Among Teachers of Students Learning Disabilities from their View Point in Irbid Governorate